000 01289nam a2200265 a 4500
001 000028575
005 20240229073944.0
008 110411s1976 dr 000 0 spa d
040 _aDO-SdBNP
_bspa
_cBNPHU
082 _a330.97293
_bR788f, 1976
100 1 _aRosa, Antonio de la,
_d1864-1924
_950169
240 1 4 _aLes finances de Saint-Domingue et le controle Américain
_lespañol
245 1 3 _aLas finanzas de Santo Domingo y el control americano /
_cAntonio de la Rosa ; edición de José Chez Checo.
260 _aSanto Domingo :
_bEditora de Santo Domingo,
_c1976.
300 _a268 p. ;
_c24 cm.
500 _aIncluye reproducción facsímilar de la portada de la edición: París: A. Pedone, Editeur, 1915.
534 _pPublicado originamente en francés:
_tLes finances de Saint-Domingue et le controle AmericainA. Pedone.
_cParís: A. Pedone Editeur, 1915.
590 _aInventariado. 2018/VM
651 4 _aRepública Dominicana
_xCondiciones Económicas
_ySIGLO XIX
_97414
651 4 _aRepública Dominicana
_xCondiciones Sociales
_ySIGLO XIX
_97415
650 4 _aPolítica de finanzas públicas
_97416
650 4 _aInversiones estadounidenses
_zRepública Dominicana
_97417
700 1 _aChez Checo, José,
_d1949-
_eed.
_910145
910 _aValidado. Control de calidad BNPHU
999 _c28067
_d28067